01312nam a2200325 i 45000010005000000030009000050050017000140070003000310080041000340200018000750800014000930800013001070800013001200800012001332450117001452600059002623000030003214900061003514900032004126500048004446510061004926510061005537000037006147000051006518300069007028300040007718520038008119990015008499520122008647465ES-MaACL20240103102751.0t|910121s1990 sp |||| | spa d a84-87053-13-0 a91(462.2) a91(8.03) a9(462.2) a9(8.03)00aExtremadura y América / cdirigida por Salvador Andrés Ordax ; prólogo por Juan Carlos Rodríguez Ibarra. aMadrid : bGela : bEspasa-Calpe / Argantonio, c1990. a346 p. : bil. ; c29 cm.1 aGran enciclopedia de España y América. Monografías1 aBiblioteca del V Centenario14aExtremeños-zAmérica española.912708 4aExtremadura-xRelaciones-zAmérica española.9168010 4aAmérica española-xRelaciones-zExtremadura.91680111 aAndrés Ordax, Salvador.9216140 aRodríguez Ibarra, Juan Carlos,d1948-9985820 aGran enciclopedia de España y América. Monografías91778750 aBiblioteca del V Centenario9177876 aES-MaACLjL-14705 z- Enc. guafl. c7465d7465 00104070aATENEOMbATENEOMcDEPO2d2008-01-17eSCl0oL-14705p1007615r2023-02-23 00:00:00w2023-02-23yMONOGRAFIA